banner-ar

نفحات من سيرة الرسول وصحبه : المولد والنشأة / (Record no. 48038)

MARC details
000 -الفاتح
حقل البيانات ثابتة الطول 00661nam a2200181Ia 4500
008 - عناصر البيانات ثابتة الطول - معلومات عامة
حقل البيانات ثابتة الطول 140319s9999 xx 000 0 ara d
040 ## - مصدر الفهرسة
وكالة الفهرسة الأصلية GCL /
وكالة النسخ GCL
082 04 - رقم تصنيف ديوى العشرى
رقم التصنيف ط
رقم المادة 239.2
-- ع ن
100 1# - المدخل الرئيسى - إسم شخصى
الإسم الشخصى على عبدالمنعم عبدالحميد
245 10 - بيان العنوان
العنوان نفحات من سيرة الرسول وصحبه : المولد والنشأة /
بيان المسئوليه,etc على عبدالمنعم عبدالحميد
300 ## - الوصف المادى
التعداد 96 ص
490 ## - بيان السلسلة
عنوان السلسلة رياض الايمان
رقم المجلد/ التعيين التسلسلي 0
650 04 - المدخل الاضافى بالموضوع-مصطلح موضوعى
مصطلح موضوعي السيرة النبوية
650 04 - المدخل الاضافى بالموضوع-مصطلح موضوعى
مصطلح موضوعي السيرة النبوية- كفالة جده وعمه
650 04 - المدخل الاضافى بالموضوع-مصطلح موضوعى
مصطلح موضوعي السيرة النبوية - من الميلاد
942 ## - عناصر المدخل الإضافي( كوها)
مصدر التصنيف او مخطط الترفيف Dewey Decimal Classification
Koha [default] item type كتاب
Holdings
حالة التراجع حالة الفقد حالة تلف ليس للاعارة المكان المؤقت الموقع الحالى تاريخ الاكتساب اجمالي اﻻعارات رقم الطلب الباركود تاريخ اخر مشاهدة تاريخ تفعيل السعر نوع وعاء كوها
        مكتبة القاهرة الكبرى مكتبة القاهرة الكبرى 03/26/2014   ط\239.2\ع ن 115896 03/26/2014 03/26/2014 كتاب

Powered By

EGPV